Guess the Taylor Swift song with no hints #4 - Statistics

General Stats
  • This quiz has been taken 102 times
  • The average score is 197 of 345
Answer Stats
lyric % Correct
I
100%
you
100%
You
100%
a
99%
the
99%
we
97%
an
92%
it
92%
be
91%
me
89%
when
89%
where
89%
for
88%
my
86%
And
84%
is
84%
Is
84%
(Is
84%
Im
82%
I'm
82%
in
82%
In
82%
on
82%
On
82%
was
81%
all
80%
(All
80%
go
80%
to
78%
To
78%
(To
78%
so
77%
That
77%
that
77%
what
77%
can
74%
(can
74%
of
74%
but
73%
were
73%
this
70%
This
70%
just
68%
not
68%
had
66%
I've
66%
there
66%
one
65%
Cant
64%
(Cant
64%
been
62%
could
62%
if
61%
would
59%
down
54%
think
53%
bad
50%
Oh
50%
went
46%
couldnt
45%
now)
45%
out
42%
(Out
42%
does
41%
light
41%
will
41%
Evermore
38%
(Evermore)
38%
since
38%
we'll
38%
put
36%
get
35%
Or
35%
(or
35%
or
35%
feeling
34%
july
34%
november
34%
pain
34%
remember
34%
thought
34%
wrong
34%
Gray
32%
very
31%
wouldnt
31%
step
30%
things
30%
breath
27%
days
27%
days)
27%
each
27%
moment
27%
peculiar
27%
december
26%
find
26%
footsteps
26%
lost
26%
sure
26%
Yeah
26%
capture
24%
catching
24%
death
24%
Motion
24%
stepping
24%
stone
24%
fire
23%
letters
23%
real
23%
used
23%
again
22%
Hey
22%
open
22%
pause
22%
pause?
22%
pause?)
22%
adressed
20%
Sending
20%
through
20%
fight
19%
replay
19%
signals
19%
Writing
19%
Trynna
18%
under
18%
window
18%
winter
18%
enough
16%
rewind
16%
staring
16%
cost
15%
cross?
15%
cross?)
15%
double-crossed
15%
guess
15%
tape
15%
being
14%
wildest
14%
Barefoot
12%
certain
12%
dog
12%
frost
12%
frost)
12%
line
12%
unmoored
12%
waves
12%
dreamed
11%
tall
11%
weather
11%
swear
9%
tossed
9%
tossed)
9%
Whether
9%
(whether
9%
Floors
8%
shipwrecked
8%
creaking
7%
violence
7%
cabin
5%
cracks
5%
costs)
4%
No matching quizzes found
Score Distribution
Percent of People with Each Score
Percentile by Number Answered
Your Score History
You have not taken this quiz